000
00214 a2200097 4500
001
36698
100
_a
Caffary Brain
245
_a
Spectrum guide to Pakistan
260
_a
Kenya
_b
Camera
_c
090
_c
23744
_d
23744
942
_a
NUST-CAE
_c
M
_c
15274
999
_c
271771
_d
271771